000 00861nac a22002657a 4500
001 BR7801256
003 BR-BrBNA
005 20240105114215.0
008 230509b bl.|||m| |||| 00| 0 por d
040 _aBR-BrBNA
_bpor
_cBiblioteca Nacional de Agricultura
072 _aF10
090 _aF10 BR7801256
110 1 _aDepartamento Nacional de Meteorologia, Brasilia, DF (Brasil)
_93291
245 1 _aBoletim agroclimatologico [temperatura, precipitacao pluvial, ar]
260 3 _aBrasilia, DF (Brasil):
_c1977.
300 _a19 p.
490 _aBoletim Agroclimatologico - Departamento Nacional de Meteorologia (Brazil)
_v
_x
500 _aNumerical data
650 _aCLIMATOLOGIA
650 _aMETEOROLOGIA
650 _aTEMPERATURA
650 _aPRECIPITACAO PLUVIAL
909 _a202312
_bLúcia Elande
_c55
_dLúcia Elande
942 _2AGRIS
_n0
_cMS
999 _c268008
_d268008